Vedecko-priemyselný park Záhorie z iného pohľadu

Rozhovor s členom predstavenstva Zväzu elektrotechnického priemyslu Ing. Ivanom Kočišom, PhD. o vedecko-priemyselnom parku na Záhorí, ktorý je jedným z navrhovateľov projektu. Hovoria o výbere pozemkov, o vplyve na životné prostredie, o výbere inej lokality, o zabezpečení projektu zamestnancami a uv...

Descrizione completa

Salvato in:
Dettagli Bibliografici
Autore principale: Sťahel, Richard
Altri autori: Kočiš, Ivan
Natura: Capitolo di libro
Lingua:slovacco
Soggetti:
Tags: Aggiungi Tag
Nessun Tag, puoi essere il primo ad aggiungerne!!

MARC

LEADER 00000naa a2200000 4500
001 r043063
005 20230801095631.6
041 0 |a slo 
044 |a SK 
245 1 0 |a Vedecko-priemyselný park Záhorie z iného pohľadu  |c Aut.interv. Richard Sťahel, Ivan Kočiš 
520 |a Rozhovor s členom predstavenstva Zväzu elektrotechnického priemyslu Ing. Ivanom Kočišom, PhD. o vedecko-priemyselnom parku na Záhorí, ktorý je jedným z navrhovateľov projektu. Hovoria o výbere pozemkov, o vplyve na životné prostredie, o výbere inej lokality, o zabezpečení projektu zamestnancami a uvádza príklad podobného projektu zo sveta. 
610 2 0 |a parky priemyselné 
610 2 0 |a projekty 
610 2 0 |a pozemky 
610 2 0 |a prostredie životné 
610 2 0 |a Slovensko 
100 1 |a Sťahel, Richard 
700 1 |a Kočiš, Ivan